000 00816nam a2200229Ia 4500
003 BUBTL
008 151213s9999 xx 000 0 und d
041 _aবাংলা ও ইংরেজী
082 _a346/ H7949c/ 2008
100 _aহোসেন, অধ্যক্ষ মোঃ আলতাফ
_95297
245 _aবাণিজিক আইন/
_cঅধ্যক্ষ মো: আলতাফ হোসেন
250 _a৫ম সং
260 _aঢাকা
_bসিটি ল’ বুক হাউজ
_cc2008
300 _a475 p. :
_bill. ; 21 cm.
526 _aLaw
650 _aLaw
650 _a
700 _aঅধ্যক্ষ মো: আলতাফ হোসেন
_95533
856 _k0
_l0
_yDownload
942 _2ddc
_cBK
999 _c3691
_d3691